Najwięksi producenci samochodów - kraje - Statystyki

Ogólne statystyki
  • Ten quiz został rozwiązany 49 razy
  • Średni wynik to 8 z 10
Statystyki odpowiedzi
Miejsce Produkcja aut w ciągu minuty (egzemplarze) Państwo % Poprawnych
1 48,9 Chiny
95%
4 8,9 Niemcy
95%
2 20,7 USA
93%
3 18,4 Japonia
86%
10 4,2 Francja
82%
5 8,6 Indie
70%
9 5,4 Hiszpania
68%
6 7,6 Meksyk
68%
7 7,5 Korea Południowa
66%
8 5,6 Brazylia
61%
Nie znaleziono quizów pasujących do podanych kryteriów
Rozkład punktacji
Procent ludzi z każdym wynikiem
Percentyl według liczby udzielonych odpowiedzi
Twoja historia wyników
Nie rozwiązałeś tego quizu